| 000 | 01312nac a22002771i 4500 | ||
|---|---|---|---|
| 003 | EG-ScBUE | ||
| 005 | 20231205144313.0 | ||
| 008 | 121128s2004 ua f b 001 p ara d | ||
| 017 | _a2004 / 15811 | ||
| 040 |
_aEG-ScBUE _bara _erda _cEG-ScBUE _dEG-ScBUE |
||
| 082 | 0 | 4 |
_a892.713408 _bب ك ر _222 |
| 100 | 1 |
_aأبو بكر الصولي، محمد بن يحيى، _dت. 335 هـ، _eمؤلف. _931518 |
|
| 245 | 1 | 0 |
_aكتاب الأوراق : _bقسم أشعار أولاد الخلفاء وأخبارهم. _nالجزء الثالث / _cلأبي بكر محمد بن يحيى الصولي ؛ تحقيق ج. هيورث .دن ؛ قدم هذه الطبعة أ. د منير سلطان. |
| 264 | 1 |
_aالقاهرة : _bالهيئة العامة لقصور الثقافة، _c2004. |
|
| 300 |
_a362 صفحة ؛ _c24 سم. |
||
| 336 |
_2rdacontent _aنص _btxt |
||
| 337 |
_aبدون وسيط _2rdamedia _bn |
||
| 338 |
_aمجلد _bnc _2rdacarrier |
||
| 490 | 0 |
_aالذخائر ؛ _v124 |
|
| 504 | _aيشتمل على إرجاعات ببليوجرافية وكشافات. | ||
| 650 | 7 |
_aالشعر العربي _xتاريخ _yالعصر العباسي. _2BUEsh |
|
| 655 | _vReading book | ||
| 700 | 1 |
_aدن.، ج. هيورث، _eمحقق. _915425 |
|
| 700 | 1 |
_aسلطان، منير، _eمقدم. |
|
| 942 |
_cBB _2ddc |
||
| 999 |
_c6091 _d6091 |
||